000 00750nam a22002057a 4500
003 BD-DhCDI
005 20251026084957.0
008 251026b bg ||||| |||| 00| 0 ben d
020 _a9789849127291
_qpaper back
040 _aBD-DhCDI
_bBD-DhCDI
_cBD-DhCDI
082 _223
_a891.443
_bHOJ 2017
100 _a হক, সৈয়দ শামসুল
_eলেখক
_91629
245 _aজলেশ্বরী:
_bউপন্যাস ও গল্প সংগ্রহ খণ্ড ১ /
_cসৈয়দ শামসুল হক
246 _aJolersori :
260 _aDhaka;
_bPathak Shamabesh,
_cJanuary 2017.
300 _a627 p.:
_c21 cm.
650 _2Fiction
_aBengali Literature
651 _aCollected Stories
_91630
942 _2ddc
_cBK
999 _c896
_d896